000
00288 a2200145 4500
001
166052
020
_a
040
_c
Magnum
100
_a
Teixeira, Anisio
240
1
0
_a
Educacao no brasil
_l
por
245
1
0
_a
Educacao no brasil
362
0
_a
1899
697
_a
ENSINO
942
_c
BK
999
_c
166052
_d
166052